[Event "HUN-chT2 Charousek 0405"]
[Site "Hungary"]
[Date "2004.12.19"]
[Round "5"]
[White "Honfi, Gyorgy"]
[Black "Kovacs, David"]
[Result "0-1"]
[WhiteElo "2201"]
[BlackElo "2040"]
[PlyCount "82"]
[EventDate "2004.09.26"]
[EventType "team"]
[EventRounds "11"]
[EventCountry "HUN"]
[SourceTitle "EXT 2008"]
[Source "ChessBase"]
[SourceDate "2007.11.25"]
[SourceVersion "1"]
[SourceVersionDate "2007.11.25"]
[SourceQuality "1"]
[WhiteTeam "Lenti"]
[BlackTeam "Geniusz Tata"]
[WhiteTeamCountry "HUN"]
[BlackTeamCountry "HUN"]

1. e4 c5 2. Nf3 Nc6 3. Bb5 g6 4. 0-0 Bg7 5. Re1 e5 6. Nc3 Nge7 7. Nd5 a6 8. Bxc6 dxc6 9. Ne3 0-0 10. a4 a5 11. b3 Qc7 12. Bb2 Be6 13. Ng5 Bd7 14. Qe2 Rad8 15. Bc3 Nc8 16. Nc4 b6 17. h3 Rfe8 18. d3 Nd6 19. Nf3 Nxc4 20. bxc4 Be6 21. Reb1 f6 22. Rb3 Rb8 23. Qd2 Rb7 24. Rab1 Reb8 25. g4 Qd7 26. Nh2 b5 27. axb5 cxb5 28. Rxb5 Rxb5 29. cxb5 a4 30. Qc1 Rxb5 31. Ra1 Rb7 32. Qa3 Ra7 33. Rb1 Bf8 34. g5 Kf7 35. gxf6 c4 36. Bb4 Rb7 37. dxc4 Bxh3 38. c3 Qd3 39. Re1 Bxb4 40. Qxa4 Qd2 41. Nf3 Qf4 0-1

[Event "HUN-chT2 Charousek 0405"]
[Site "Hungary"]
[Date "2004.12.05"]
[Round "4"]
[White "Honfi, Gyorgy"]
[Black "Sebestyen, Balazs"]
[Result "0-1"]
[WhiteElo "2201"]
[BlackElo "2258"]
[PlyCount "62"]
[EventDate "2004.09.26"]
[EventType "team"]
[EventRounds "11"]
[EventCountry "HUN"]
[SourceTitle "EXT 2008"]
[Source "ChessBase"]
[SourceDate "2007.11.25"]
[SourceVersion "1"]
[SourceVersionDate "2007.11.25"]
[SourceQuality "1"]
[WhiteTeam "Lenti"]
[BlackTeam "Decs"]
[WhiteTeamCountry "HUN"]
[BlackTeamCountry "HUN"]

1. e4 e6 2. d4 d5 3. Nd2 Nc6 4. Ngf3 Nf6 5. e5 Nd7 6. Bb5 Be7 7. 0-0 a5 8. Re1 Ncb8 9. Nf1 b6 10. c3 Ba6 11. a4 c6 12. Bxa6 Rxa6 13. Ng3 0-0 14. Qd3 Ra7 15. Bd2 c5 16. c4 dxc4 17. Qxc4 cxd4 18. Rac1 Nc5 19. Nxd4 Rd7 20. Be3 Rd5 21. f4 Qd7 22. b3 Rd8 23. Nge2 Nc6 24. Nb5 Nb4 25. Nec3 Rd3 26. Rcd1 Nc2 27. Bf2 Rxd1 28. Rxd1 Qxd1+ 29. Nxd1 Rxd1+ 30. Be1 Rxe1+ 31. Kf2 Ne4+ 0-1

[Event "HUN-chT2 Szechenyi 0304"]
[Site "Hungary"]
[Date "2004.04.18"]
[Round "11"]
[White "Honfi, Gyorgy"]
[Black "Elo, Istvan"]
[Result "1/2-1/2"]
[WhiteElo "2227"]
[BlackElo "2110"]
[PlyCount "54"]
[EventDate "2003.09.28"]
[EventType "team"]
[EventRounds "11"]
[EventCountry "HUN"]
[SourceTitle "EXT 2009"]
[Source "ChessBase"]
[SourceDate "2008.11.26"]
[SourceVersion "1"]
[SourceVersionDate "2008.11.26"]
[SourceQuality "1"]
[WhiteTeam "Lenti"]
[BlackTeam "Flesch"]
[WhiteTeamCountry "HUN"]
[BlackTeamCountry "HUN"]

1. e4 c5 2. Nf3 d6 3. d4 cxd4 4. Qxd4 Nc6 5. Bb5 Bd7 6. Bxc6 Bxc6 7. c4 Nf6 8. Nc3 g6 9. 0-0 Bg7 10. Re1 0-0 11. Qd2 Rc8 12. Rb1 a6 13. Nd4 Qb6 14. Nxc6 Rxc6 15. b3 e6 16. Bb2 Qa5 17. Rbd1 b5 18. e5 dxe5 19. cxb5 axb5 20. Rxe5 Ng4 21. Rxb5 Qc7 22. h3 Qh2+ 23. Kf1 Qh1+ 24. Ke2 Qxg2 25. hxg4 Qxg4+ 26. Ke1 Qg1+ 27. Ke2 Qg4+ 1/2-1/2

[Event "HUN-chT2 Szechenyi 0304"]
[Site "Hungary"]
[Date "2003.11.16"]
[Round "3"]
[White "Honfi, Gyorgy"]
[Black "Tako, Helga"]
[Result "1/2-1/2"]
[WhiteElo "2227"]
[BlackElo "1938"]
[PlyCount "116"]
[EventDate "2003.09.28"]
[EventType "team"]
[EventRounds "11"]
[EventCountry "HUN"]
[SourceTitle "EXT 2009"]
[Source "ChessBase"]
[SourceDate "2008.11.26"]
[SourceVersion "1"]
[SourceVersionDate "2008.11.26"]
[SourceQuality "1"]
[WhiteTeam "Lenti"]
[BlackTeam "Arboretum"]
[WhiteTeamCountry "HUN"]
[BlackTeamCountry "HUN"]

1. e4 e5 2. Bc4 Nc6 3. Nc3 Nf6 4. d3 h6 5. f4 Bb4 6. Nf3 d6 7. f5 d5 8. exd5 Nxd5 9. 0-0 Nf6 10. Be3 0-0 11. Nh4 Kh7 12. a3 Be7 13. g3 Nd4 14. Rf2 a6 15. b4 b5 16. Ba2 Bb7 17. Ng2 Qd7 18. g4 Qc6 19. Ne4 Nxe4 20. dxe4 Qxe4 21. Bxd4 exd4 22. Qd3 Bf6 23. Qxe4 Bxe4 24. Re1 Bxg2 25. Rxg2 Bh4 26. Re4 Rae8 27. Rge2 Rxe4 28. Rxe4 Bf6 29. Bd5 g6 30. Bb7 g5 31. Bxa6 Ra8 32. Bxb5 Rxa3 33. Bd3 Kg7 34. Re8 Rc3 35. Kf2 Rc6 36. Kf3 Rb6 37. b5 c6 38. bxc6 Rxc6 39. Ke4 Rd6 40. Bc4 Rc6 41. Kd5 Rc7 42. Bd3 Rd7+ 43. Kc5 Rc7+ 44. Kd6 Rb7 45. Bc4 Rb2 46. Bd3 Rb7 47. Bc4 Rb6+ 48. Kc5 Rb2 49. Bd3 Rb7 50. Bb5 Rc7+ 51. Bc6 Ra7 52. Kb4 Rc7 53. Kb5 Re7 54. Rxe7 Bxe7 55. Kc4 Bf6 56. Kd5 Kf8 57. Kd6 Bg7 58. Bd5 Bf6 1/2-1/2

[Event "HUN-chT2 Szechenyi 0304"]
[Site "Hungary"]
[Date "2003.10.05"]
[Round "2"]
[White "Hagymasi, Janos"]
[Black "Honfi, Gyorgy"]
[Result "0-1"]
[WhiteElo "2149"]
[BlackElo "2227"]
[PlyCount "78"]
[EventDate "2003.09.28"]
[EventType "team"]
[EventRounds "11"]
[EventCountry "HUN"]
[SourceTitle "EXT 2009"]
[Source "ChessBase"]
[SourceDate "2008.11.26"]
[SourceVersion "1"]
[SourceVersionDate "2008.11.26"]
[SourceQuality "1"]
[WhiteTeam "Veszprem"]
[BlackTeam "Lenti"]
[WhiteTeamCountry "HUN"]
[BlackTeamCountry "HUN"]

1. e4 c5 2. Nf3 Nc6 3. d4 cxd4 4. Nxd4 g6 5. Nc3 Bg7 6. Be3 Nf6 7. Be2 0-0 8. 0-0 d5 9. exd5 Nb4 10. d6 Qxd6 11. Ncb5 Qb8 12. c4 a6 13. Qb3 Nc6 14. Nxc6 bxc6 15. Nd4 Qc7 16. Bf3 Ng4 17. g3 Rb8 18. Qc2 Nxe3 19. fxe3 c5 20. Nb3 Qe5 21. Rae1 Be6 22. Rf2 Rb4 23. Bd5 Bxd5 24. cxd5 c4 25. Qd2 Rfb8 26. Nd4 Qxd5 27. Qc3 e5 28. Nf3 Qd3 29. Nxe5 Qe4 30. Qa3 Bxe5 31. Qxa6 Bxb2 32. Qa7 R4b7 33. Qc5 Be5 34. Ref1 Rc7 35. Qa3 c3 36. Qc1 c2 37. Qd2 c1Q 38. Rxc1 Rxc1+ 39. Qxc1 Rb1 0-1

[Event "HUN-chT3 9900"]
[Site "Hungary"]
[Date "2000.01.23"]
[Round "6"]
[White "Sulyok, Sandor"]
[Black "Honfi, Gyorgy"]
[Result "1/2-1/2"]
[WhiteElo "2261"]
[BlackElo "2240"]
[PlyCount "99"]
[EventDate "1999.09.26"]
[EventType "team"]
[EventRounds "11"]
[EventCountry "HUN"]
[SourceTitle "EXT 2002"]
[Source "ChessBase"]
[SourceDate "2001.11.25"]
[SourceVersion "1"]
[SourceVersionDate "2001.11.25"]
[SourceQuality "1"]

1. d4 d5 2. c4 e6 3. Nc3 c6 4. e3 f5 5. Nf3 Nf6 6. Ne5 Nbd7 7. f4 Bb4 8. Bd2 0-0 9. Bd3 Bxc3 10. Bxc3 Ne4 11. Bxe4 fxe4 12. Nxd7 Bxd7 13. h4 Be8 14. c5 h5 15. g4 Qf6 16. Kd2 hxg4 17. Qxg4 Qf5 18. Rag1 Qxg4 19. Rxg4 Bh5 20. Rg3 Kf7 21. Rhg1 g6 22. Kc2 Rh8 23. Be1 Rag8 24. Rg5 Bf3 25. Kc3 Rh5 26. Kb4 Kf6 27. Ka5 Rxg5 28. Rxg5 Rb8 29. Ka4 Bd1+ 30. b3 Be2 31. Bg3 Ra8 32. Ka5 b6+ 33. Ka4 Bb5+ 34. Kb4 Be2 35. Ka4 Bb5+ 36. Kb4 Be2 37. cxb6 axb6 38. a4 Bd1 39. Bf2 c5+ 40. dxc5 bxc5+ 41. Kxc5 Bxb3 42. h5 gxh5 43. Rxh5 Bxa4 44. Bh4+ Kg6 45. Rg5+ Kf7 46. f5 Rh8 47. fxe6+ Kxe6 48. Rg6+ Kf7 49. Rf6+ Kg7 50. Ra6 1/2-1/2

[Event "HUN-chT3"]
[Site "Hungary"]
[Date "1997.??.??"]
[Round "?"]
[White "Toth, Pal"]
[Black "Honfi, Gyorgy"]
[Result "0-1"]
[WhiteElo "2105"]
[BlackElo "2240"]
[PlyCount "62"]
[EventDate "1997.??.??"]
[EventType "team"]
[EventRounds "13"]
[EventCountry "HUN"]
[SourceTitle "EXT 2001"]
[Source "ChessBase"]
[SourceDate "2000.11.22"]
[SourceVersion "1"]
[SourceVersionDate "2000.11.22"]
[SourceQuality "1"]

1. d4 Nf6 2. c4 e6 3. Nf3 d5 4. Bg5 dxc4 5. Nc3 h6 6. Bxf6 Qxf6 7. e4 Bb4 8. Qa4+ Nc6 9. Bxc4 Bd7 10. Qd1 Qg6 11. Qe2 Qxg2 12. Rg1 Qh3 13. Rg3 Qh5 14. d5 Ne5 15. dxe6 fxe6 16. Bxe6 0-0-0 17. Nd4 Qxe2+ 18. Kxe2 Rhe8 19. Bxd7+ Rxd7 20. Nd5 c6 21. Rc1 Kb8 22. Rb3 cxd5 23. Rxb4 dxe4 24. Rc5 Nd3 25. Nc6+ Kc7 26. Ne5+ Nxc5 27. Nxd7 Nxd7 28. a4 Re5 29. Rc4+ Rc5 30. Rxe4 Re5 31. Ke3 Rxe4+ 0-1

[Event "HUN-chT3"]
[Site "Hungary"]
[Date "1996.??.??"]
[Round "?"]
[White "Beres, Kornel"]
[Black "Honfi, Gyorgy"]
[Result "0-1"]
[WhiteElo "2095"]
[BlackElo "2240"]
[PlyCount "74"]
[EventDate "1996.??.??"]
[EventType "team"]
[EventRounds "9"]
[EventCountry "HUN"]
[SourceTitle "EXT 2001"]
[Source "ChessBase"]
[SourceDate "2000.11.22"]
[SourceVersion "1"]
[SourceVersionDate "2000.11.22"]
[SourceQuality "1"]

1. e4 c5 2. d3 Nc6 3. g3 d5 4. Nd2 e5 5. c3 d4 6. c4 Be7 7. Nb3 Be6 8. f4 exf4 9. Bxf4 g5 10. Bd2 h5 11. Qc2 h4 12. gxh4 Rxh4 13. 0-0-0 Rh7 14. a3 Qc7 15. h3 Ne5 16. Bg2 0-0-0 17. Ba5 b6 18. Be1 Bd6 19. Nd2 Ne7 20. Ndf3 f6 21. Kb1 Rdh8 22. Nxe5 Bxe5 23. b4 Ng6 24. bxc5 Qxc5 25. Bb4 Qc6 26. Nf3 Bxh3 27. Bxh3+ Rxh3 28. Rxh3 Rxh3 29. Nxe5 Nxe5 30. Qg2 Qd7 31. Qc2 Ng4 32. Rc1 Rh2 33. Qb3 Qe6 34. Rc2 Rxc2 35. Qxc2 Ne3 36. Qc1 f5 37. Bd2 f4 0-1

[Event "HUN-chT3"]
[Site "Hungary"]
[Date "1996.??.??"]
[Round "?"]
[White "Honfi, Gyorgy"]
[Black "Lodi, Laszlo"]
[Result "1-0"]
[WhiteElo "2240"]
[BlackElo "2060"]
[PlyCount "91"]
[EventDate "1996.??.??"]
[EventType "team"]
[EventRounds "9"]
[EventCountry "HUN"]
[SourceTitle "EXT 2001"]
[Source "ChessBase"]
[SourceDate "2000.11.22"]
[SourceVersion "1"]
[SourceVersionDate "2000.11.22"]
[SourceQuality "1"]

1. e4 Nf6 2. e5 Nd5 3. d4 d6 4. Nf3 g6 5. c4 Nb6 6. Nc3 Bg7 7. exd6 cxd6 8. Be3 0-0 9. Be2 Bg4 10. 0-0 Nc6 11. b3 d5 12. c5 Nd7 13. b4 e6 14. Rb1 a6 15. b5 axb5 16. Rxb5 b6 17. cxb6 Nxb6 18. Qb3 Bxf3 19. Rxb6 Nxd4 20. Bxd4 Bxd4 21. Rb5 Bxe2 22. Nxe2 Bg7 23. Rb1 Ra5 24. a4 Qa8 25. Rb4 Rd8 26. Nd4 Bf8 27. Rb7 Rxa4 28. Nc6 Rc8 29. Ne5 Ra1 30. g3 Rc1+ 31. Rxc1 Rxc1+ 32. Kg2 Bd6 33. Nxf7 Bc7 34. Nh6+ Kf8 35. Qb2 Qa1 36. Qxa1 Rxa1 37. Rxc7 d4 38. Rd7 Ra4 39. Ng4 Ke8 40. Nf6+ Kf8 41. Nxh7+ Ke8 42. Nf6+ Kf8 43. g4 e5 44. g5 Ra1 45. h4 Re1 46. h5 1-0

[Event "Paris op"]
[Site "Paris"]
[Date "1995.??.??"]
[Round "?"]
[White "Honfi, Gyorgy"]
[Black "Koch, Jean Rene"]
[Result "1/2-1/2"]
[WhiteElo "2240"]
[BlackElo "2495"]
[PlyCount "82"]
[EventDate "1995.04.??"]
[EventType "swiss"]
[EventRounds "9"]
[EventCountry "FRA"]
[SourceTitle "EXT 1997"]
[Source "ChessBase"]
[SourceDate "1996.11.15"]
[SourceVersion "1"]
[SourceVersionDate "1996.11.15"]
[SourceQuality "1"]

1. e4 c5 2. b3 d6 3. Bb2 e5 4. Bc4 Nf6 5. Nc3 Be7 6. Nge2 Nc6 7. f4 exf4 8. Nxf4 Bg4 9. Be2 Be6 10. Nxe6 fxe6 11. Bh5+ g6 12. Bf3 Qd7 13. 0-0 0-0-0 14. Ne2 e5 15. c3 Rdf8 16. d4 Bd8 17. dxc5 dxc5 18. Ba3 Qxd1 19. Raxd1 Be7 20. Nc1 Rd8 21. Nd3 b6 22. Nf2 Rxd1 23. Rxd1 Rd8 24. Rxd8+ Kxd8 25. Be2 Na5 26. g3 Nb7 27. Bc4 Nd6 28. Bd5 Kd7 29. c4 Nde8 30. Bb2 Kd6 31. Nd3 Nd7 32. Kg2 Bf6 33. Bg8 Nf8 34. h4 Nc7 35. Nf2 Nce6 36. Ng4 Bg7 37. Ne3 Nd4 38. g4 Nc6 39. g5 h5 40. gxh6 Bxh6 41. Ng4 Bd2 1/2-1/2

[Event "HUN-chT"]
[Site "Hungary"]
[Date "1989.??.??"]
[Round "1"]
[White "Brandics, Jozsef"]
[Black "Honfi, Gyorgy"]
[Result "1-0"]
[WhiteElo "2335"]
[BlackElo "2255"]
[PlyCount "95"]
[EventDate "1989.??.??"]
[EventType "team"]
[EventRounds "13"]
[EventCountry "HUN"]
[SourceTitle "EXT 2009"]
[Source "ChessBase"]
[SourceDate "2008.11.26"]
[SourceVersion "1"]
[SourceVersionDate "2008.11.26"]
[SourceQuality "1"]

1. d4 d5 2. Bg5 Qd6 3. c3 f6 4. Bh4 e5 5. e3 Qb6 6. Qb3 exd4 7. exd4 Bd6 8. Bd3 Qxb3 9. axb3 Nh6 10. Bg3 Bxg3 11. hxg3 0-0 12. Rh5 Re8+ 13. Ne2 Be6 14. f3 Bf7 15. Rh2 Bg6 16. Bxg6 hxg6 17. Kf2 g5 18. g4 Nc6 19. Nd2 Re6 20. b4 Rae8 21. Ng3 a6 22. Nb3 Nd8 23. Nc5 Rb6 24. Nf5 Nxf5 25. gxf5 Nf7 26. g4 Nh6 27. Kg3 Rb5 28. Ne6 Re7 29. Rah1 a5 30. bxa5 Rxa5 31. Nxg7 Rxg7 32. Rxh6 Kf7 33. Re1 Ra2 34. Re6 Rxb2 35. Rhxf6+ Kg8 36. Re8+ Kh7 37. Rff8 Rd7 38. f4 gxf4+ 39. Kxf4 Rf2+ 40. Kg5 Rg7+ 41. Kh4 Rd7 42. Rh8+ Kg7 43. Reg8+ Kf7 44. Rh7+ Kxg8 45. Rxd7 c6 46. Kg5 Rg2 47. Rxb7 Rg3 48. f6 1-0